[Event "Rewal op-B 16th"]
[Site "Rewal"]
[Date "2011.08.23"]
[Round "4"]
[White "Luka, Krzysztof"]
[Black "Krzeczowski, Tadeusz"]
[Result "1-0"]
[WhiteElo "1873"]
[BlackElo "1632"]
[PlyCount "57"]
[EventDate "2011.08.18"]
[EventType "swiss"]
[EventRounds "9"]
[EventCountry "POL"]
[SourceTitle "CBM 144 Extra"]
[Source "ChessBase"]
[SourceDate "2011.10.28"]
[SourceVersion "1"]
[SourceVersionDate "2011.10.28"]
[SourceQuality "1"]

1. d4 d5 2. c4 e5 3. dxe5 d4 4. Nf3 Nc6 5. g3 Bg4 6. Bg2 Qd7 7. a3 Bxf3 8. Bxf3 Nxe5 9. Bxb7 Rb8 10. Bd5 c5 11. Bf4 Bd6 12. b4 Ng6 13. Bxd6 Qxd6 14. Qa4+ Kf8 15. Qxa7 N8e7 16. bxc5 Qd8 17. Nd2 Ne5 18. 0-0 N5c6 19. Bxc6 Nxc6 20. Qa6 Qc7 21. Rfb1 Ke7 22. Rb6 Kd7 23. Rab1 Rxb6 24. cxb6 Qb8 25. Ne4 h5 26. Qb5 Qc8 27. Qd5+ Ke7 28. Qd6+ Ke8 29. b7 1-0

[Event "Rowy op-A 17th"]
[Site "Rowy"]
[Date "2008.06.15"]
[Round "2.31"]
[White "Krzeczowski, Tadeusz"]
[Black "Hagner, Pawel"]
[Result "0-1"]
[WhiteElo "1650"]
[BlackElo "1895"]
[PlyCount "100"]
[EventDate "2008.06.14"]
[EventType "swiss"]
[EventRounds "9"]
[EventCountry "POL"]
[SourceTitle "EXT 2023"]
[Source "ChessBase"]
[SourceDate "2022.10.05"]
[SourceVersion "1"]
[SourceVersionDate "2022.10.05"]
[SourceQuality "1"]

1. e4 d6 2. d4 Nf6 3. Nc3 g6 4. f4 Bg7 5. Nf3 0-0 6. Bd3 c5 7. dxc5 dxc5 8. 0-0 Nc6 9. e5 Nd5 10. Nxd5 Qxd5 11. c3 Bg4 12. Be2 Bxf3 13. Bxf3 Qe6 14. Qe2 Qd7 15. Be3 b6 16. Rad1 Qc7 17. Qb5 Rac8 18. Bxc6 Qxc6 19. Qxc6 Rxc6 20. Rd7 a6 21. Rxe7 Rd8 22. f5 gxf5 23. Rxf5 f6 24. exf6 Bxf6 25. Ra7 a5 26. Bg5 Bxg5 27. Rxg5+ Rg6 28. Rxg6+ hxg6 29. Re7 Rd2 30. Re6 Rxb2 31. Rxg6+ Kh7 32. Rc6 a4 33. h4 a3 34. Kh2 Rxa2 35. Rxb6 Rb2 36. Ra6 a2 37. Kg3 Rc2 38. Kh2 c4 39. Ra3 Kg6 40. Ra5 Kh6 41. Kg3 Rxc3+ 42. Kf4 Rc2 43. g4 c3 44. Ra6+ Kh7 45. Kg5 Rb2 46. Ra7+ Kg8 47. Kg6 Rb6+ 48. Kh5 c2 49. Rxa2 c1Q 50. Ra8+ Kf7 0-1